000 00449nam a2200181Ia 4500
001 5232
005 20260306145853.0
008 260306t2009||||xx |||||||||||||| ||spa||
041 _aESP
082 _a338.285
_bE15
100 _aEchave Cáceres, José Antonio de, [1957-...]
_eAUT
245 0 _aMinería y conflicto social
260 _c2009
300 _a424 páginas :
_c20 cm.
650 _aGEN
654 _aCAN
942 _cLIB
_dJUS
_fJUS
_2ddc
_n
999 _c5232
_d5232